000 00256nam a2200121Ia 4500
008 190216s9999||||xx |||||||||||||| ||und||
100 _aSreekrishna Alahalli
245 0 _aPavathan
260 _bDc Books
300 _a190
650 _aNovel
942 _cBK
999 _c25931
_d25931